| 000 | 00701nam a2200241 a 4500 | ||
|---|---|---|---|
| 008 | |||
| 020 | _a0750665319 (pbk.) | ||
| 049 | _aMAIN | ||
| 090 |
_aNA9040 _bURB |
||
| 245 | 1 | 0 |
_aUrban design reader / _cedited by Matthew Carmona and Steve Tiesdell. |
| 260 |
_aAmsterdam : _bElsevier, _c2007. |
||
| 300 |
_avii, 375 p. : _bill. ; _c25 cm. |
||
| 504 | _aIncludes bibliographical references. | ||
| 500 | _aIncludes index. | ||
| 650 | 1 | _aCity planning. | |
| 700 | _aTiesdell, Steve. | ||
| 700 | _aCarmona, Matthew. | ||
| 907 |
_a.b10259545 _b14-09-09 _c12-01-09 |
||
| 003 | |||
| 005 | 20230123124923.0 | ||
| 040 | _cNUST | ||
| 942 |
_cBOOKS _kNA9040 _mURB |
||
| 999 |
_c132598 _d132598 |
||